|
|
|
|
| LEADER |
00000cam a2200000 i 4500 |
| 001 |
1/99656 |
| 008 |
950404s1985 gr | ||| |||| ||gre|| |
| 035 |
|
|
|l 10011391
|
| 040 |
|
|
|a GR-MyUA
|b gre
|e AACR2
|
| 041 |
1 |
|
|a gre
|h eng
|
| 082 |
0 |
|
|a 306.0973
|
| 100 |
1 |
|
|a Toffler, Alvin.
|
| 245 |
1 |
0 |
|a Θέσεις και προβλέψεις /
|c Αλβιν Τόφλερ ; μετάφραση Κώστας Τσαπόγας.
|
| 260 |
|
|
|a Αθήνα :
|b Κάκτος,
|c 1985.
|
| 300 |
|
|
|a 273 σ.
|
| 500 |
|
|
|a Τίτλος πρωτοτύπου: Previews and premises.
|
| 650 |
0 |
0 |
|a Social history
|y 1970-
|
| 650 |
0 |
0 |
|a Social change.
|
| 650 |
0 |
0 |
|a Civilization, Modern
|y 1950-
|
| 700 |
1 |
|
|a Τσαπόγας, Κωσταντίνος,
|e trl
|
| 852 |
|
|
|a INST
|b LESVOS
|e 19950404
|h 306.0973 TOF
|p 005100006289
|q 005100006289
|t BK
|y 0
|
| 909 |
|
|
|a Λ
|b 035158
|
| 922 |
|
|
|a 1ΕΛΗ
|b 199403
|c ΝΙΚΟΛΑΚΑΚΗΣ
|